Statistics for Miami Hurricanes Random Knowledge

Click here to take the quiz!

General Stats

  • This quiz has been taken 35 times
  • The average score is 17 of 23

Answer Stats

HintAnswer% Correct
Heisman Trophy Winners2
100%
National Championship Wins5
100%
ACC RivalFSU
100%
Outfitter Brand (2021)Adidas
96%
Mascot (Animal)Ibis
96%
ACC Championship Wins0
92%
Team ColorsGreen and Orange
88%
Mascot (Name)Sebastian
88%
Bowl Wins19
83%
NFL Hall of Fame Inductees9
83%
Big East Championship Wins9
83%
Stadium (2021)Hard Rock Stadium
83%
Head Coach (2021)Manny Diaz
83%
Most Recent National Championship2001
79%
First ACC Season2004
79%
Starting Quarterback (2020)D'eriq King
71%
Previous Stadium NameOrange Bowl
71%
NicknameThe U
67%
First Season1926
50%
Rushing Yards Team Record HolderDuke Johnson
38%
All-Americans33
25%
Passing Yards Team Record HolderBrad Kaaya
21%
Receiving Yards Team Record HolderSantana Moss
21%

Score Distribution

Percentile by Number Answered

Percent of People with Each Score

Your Score History

You have not taken this quiz